| 000 -LEADER |
| fixed length control field |
00483nam a22001697a 4500 |
| 003 - CONTROL NUMBER IDENTIFIER |
| control field |
OSt |
| 005 - DATE AND TIME OF LATEST TRANSACTION |
| control field |
20190103115455.0 |
| 008 - FIXED-LENGTH DATA ELEMENTS--GENERAL INFORMATION |
| fixed length control field |
180301b xxu||||| |||| 00| 0 spa d |
| 040 ## - CATALOGING SOURCE |
| Transcribing agency |
PJ |
| 100 ## - ASIENTO PRINCIPAL - NOMBRE DE PERSONA |
| 9 (RLIN) |
557 |
| Personal name |
Depallens, G. |
| 245 10 - MENCIÓN DE TÍTULO |
| Título propiamente dicho |
Gestión financiera de la empresa / |
| Mención de responsabilidad, etc |
G. Depallens. |
| 260 ## - PUBLICATION, DISTRIBUTION, ETC. (IMPRINT) |
| Place of publication, distribution, etc |
Buenos Aires : |
| Name of publisher, distributor, etc |
La Ley, |
| Date of publication, distribution, etc |
1966. |
| 300 ## - DESCRIPCION FISICA |
| Extent |
549 p. |
| Dimensions |
25 cm. |
| 650 #0 - ASIENTO SECUNDARIO DE MATERIA - TERMINO TEMATICO |
| 9 (RLIN) |
292 |
| Topical term or geographic name as entry element |
ECONOMIA Y FINANZAS |
| 650 #0 - ASIENTO SECUNDARIO DE MATERIA - TERMINO TEMATICO |
| 9 (RLIN) |
3541 |
| Topical term or geographic name as entry element |
EMPRESA COMERCIAL |
| 942 ## - ADDED ENTRY ELEMENTS (KOHA) |
| Source of classification or shelving scheme |
|
| Koha item type |
Libros |
| Classification part |
334.71 |
| Item part |
DEP |